000
00305nam a22001217a 4500
003
SGT
082
_a
617.51
_b
S09S
100
_a
SCOTT-CONNER, CAROL
245
_a
THE SAGES MANUAL FUNDAMENTALS OF LAPAROSCOPY THORACOSCOPY & GIENDOS
260
_a
INDIA
_b
SPRINGER
_c
2009
300
_a
840
942
_2
ddc
_c
BK
999
_c
14852
_d
14852